| 000 | 00582nam a22002057a 4500 | ||
|---|---|---|---|
| 005 | 20260611115228.0 | ||
| 010 | _aENG-148808 | ||
| 020 |
_a9789348892027 _c450.00 |
||
| 035 | _aEN-132340 | ||
| 037 | _bDBAD | ||
| 082 | _a154.2 | ||
| 100 |
_aKuriyal, Siddharth _989360 |
||
| 245 |
_aA Taste of Enlightenment/ _cSiddharth Kuriyal |
||
| 250 | _a1 | ||
| 260 |
_aKolkata _bExceller Books _c2025 |
||
| 270 |
_aG1, Dream Apartment, Degree College Road, Belgharia _bKolkata _e700056 |
||
| 300 |
_a199p. _c22cm(pb) |
||
| 760 | _b1 | ||
| 942 |
_2ddc _cEN _h154.2 _mKUR _e1 |
||
| 999 |
_c216609 _d216609 |
||